000
00256nam a2200109 a 4500
005
20140414132056.0
008
100520s19uu xx 00 eng d
050
_a
REF 629.4
_b
D53 1995
245
_a
Dictionary of space.
650
_a
Space
999
_c
114318
_d
114318